Vplyv globalizačných procesov na malé a stredné podniky - I. etapa IG 130005/02

Saved in:
Bibliographic Details
Main Author: Strižencová, Michaela
Other Authors: Galanová, Soňa, 1967-, Ninčáková, Lucia, Ramos, António
Format: Book
Language:Slovak
Published: Bratislava Výskumný ústav národohospodársky EU v Bratislave 2002
Series:Štúdie
Subjects:
Tags: Add Tag
No Tags, Be the first to tag this record!

MARC

LEADER 00000nam$a2200000$$$4500
001 0040908
005 20230117122556.0
022 |a 1335-1419 
041 0 |a slo 
044 |a SK 
245 1 0 |a Vplyv globalizačných procesov na malé a stredné podniky - I. etapa IG 130005/02  |c Zodpovedná riešiteľka: Michaela Strižencová, spoluriešitelia: Soňa Galanová, Lucia Ninčáková, António Ramos ; Technická spolupráca: Katarína Klieštencová 
264 1 |a Bratislava  |b Výskumný ústav národohospodársky EU v Bratislave  |c 2002 
300 |a 39 s. 
490 1 |a Štúdie 
830 0 |a Štúdie 
610 2 0 |a podnik malý 
610 2 0 |a podnik stredný 
610 2 0 |a globalizácia 
610 2 0 |a internacionalizácia 
610 2 0 |a konkurencieschopnosť 
610 2 0 |a Slovensko 
610 2 0 |a Európska únia 
100 1 |a Strižencová, Michaela 
700 1 |a Galanová, Soňa, 1967- 
700 1 |a Ninčáková, Lucia 
700 1 |a Ramos, António